000 00535nam a22002057a 4500
003 UA-OsUOA
001 134973
007 ta
008 20181218b un ||||| |||| 00| 0 ukr d
100 _aЗатонский Д.
090 _bЗ-37
942 _cEB
040 _aUA-OsUOA
_brus
_cUA-OsUOA
_dUA-OsUOA
245 _aЕвропейский реализм XIX в. Линии и лики
955 _a2
041 _arus
856 4 0 _uhttp://maxima-library.org/avtory/avtorskie-serii/b/279334
260 _aК.
_c1984
650 7 _2UDC
999 _c423470
_d423470